000 00751nas a2200241 4500
001 BR0905748
003 BR-BrBNA
005 20231205113736.0
007 ta
008 230509b bl.|||p| |||| 00| 00por d
040 _aBR-BrBNA
_bpor
_cBiblioteca Nacional de Agricultura
041 _a(Pt)
072 _aF30
100 1 _aRamos, L.M.
100 1 _aSanches, A.
100 1 _aCotes, J.M.
245 1 _aTestes multiambientais na seleção de genótipos de arroz utilizando o modelo de regressão nos sítios ou locais
650 _aGENÉTICA VEGETAL
650 _aARROZ
773 0 _tCiência Rural (Brazil)
_xISSN 0103-8478
_g(Jan-Feb 2009), v. 39(1) p. 52-57
_wBR0905748
909 _a202311
_bLúcia
_c55
_dLúcia Elande
942 _2AGRIS
_n0
_cANA
999 _c205353
_d205353